Diseño de los espesores de la estructura de adoquín de 527.5 metros lineales; del tramo la Unión-Preuniversitario de la ciudad de Estelí, departamento de Estelí, empleando el método AASHTO 93
Presenta el diseño de los espesores de la estructura de adoquín de 527.5 metros lineales; del tramo la Unión-Preuniversitario de la ciudad de Estelí, departamento de Estelí, empleando el método AASHTO 93. En el cual la propuesta tiene como fin generar una propuesta que puede contribuir a la so...
| Main Authors: | , |
|---|---|
| Other Authors: | |
| Format: | Tesis Section = Libro |
| Language: | Undetermined Spanish |
| Published: |
Estelí
UNI/RUACS
2017
|
| Subjects: |
| LEADER | 01446nam a2200277Ia 4500 | ||
|---|---|---|---|
| 008 | 240830s9999 xx 000 0 und d | ||
| 040 | |a BIBLIOTECA-RUPAP T.Mon 625.85 G643 | ||
| 041 | |a spa | ||
| 082 | |a T.Mon 625.85 G643 | ||
| 100 | 1 | |a González López, Álvaro José | |
| 100 | 1 | |b Hernández Gutiérrez, Leibin Javier | |
| 245 | 1 | 0 | |a Diseño de los espesores de la estructura de adoquín de 527.5 metros lineales; del tramo la Unión-Preuniversitario de la ciudad de Estelí, departamento de Estelí, empleando el método AASHTO 93 |
| 260 | |a Estelí |b UNI/RUACS |c 2017 | ||
| 300 | |a 65 p. :il. | ||
| 500 | |a Contiene: anexos y CD. | ||
| 502 | |a Tesis (Ingeniero Civil)- UNI, 2017. | ||
| 520 | 3 | |a Presenta el diseño de los espesores de la estructura de adoquín de 527.5 metros lineales; del tramo la Unión-Preuniversitario de la ciudad de Estelí, departamento de Estelí, empleando el método AASHTO 93. En el cual la propuesta tiene como fin generar una propuesta que puede contribuir a la solución de la problemática existente en el tramo del sector antes mencionado, mejorando la calidad de vida de la población. | |
| 650 | 7 | |a PAVIMENTOS DE HORMIGON-DISEÑO | |
| 650 | 7 | |b ESTUDIO DE TRANSITO | |
| 650 | 7 | |c ESTUDIO DE SUELOS | |
| 650 | 7 | |d ESTRUCTURA DE PAVIMENTOS | |
| 650 | 7 | |e MATERIALES PARA CARRETERAS | |
| 700 | 1 | |a Tutor: |b Navarro Hudiel, Sergio Junior | |
| 942 | |c BK |2 ddc | ||
| 991 | |a TESIS | ||
| 999 | |c 18336 | ||